[Event "EYTCC-G"]
[Site "?"]
[Date "2017.08.21"]
[Round "5.8"]
[White "Gajcin, Marina"]
[Black "Ozbay, Ece"]
[Result "0-1"]
[BlackElo "1966"]
[WhiteElo "2263"]
[LiveChessVersion "1.4.6"]

1. e4 {[%clk 1:30:55]} c5 {[%clk 1:30:54]} 2. Nf3 {[%clk 1:31:22]} e6
{[%clk 1:31:17]} 3. c4 {[%clk 1:31:41]} Nc6 {[%clk 1:31:41]} 4. Be2
{[%clk 1:32:04]} g5 {[%clk 1:26:10]} 5. O-O {[%clk 1:27:26]} Bg7 {[%clk 1:26:00]}
6. Nc3 {[%clk 1:21:28]} h6 {[%clk 1:24:48]} 7. a3 {[%clk 1:13:40]} Nge7
{[%clk 1:20:13]} 8. Rb1 {[%clk 1:08:09]} d6 {[%clk 1:06:53]} 9. b4
{[%clk 1:04:54]} O-O {[%clk 1:03:43]} 10. Na4 {[%clk 0:59:52]} b6
{[%clk 1:02:23]} 11. d3 {[%clk 0:44:53]} Ng6 {[%clk 0:55:55]} 12. Be3
{[%clk 0:36:56]} Nd4 {[%clk 0:53:27]} 13. Nxd4 {[%clk 0:33:52]} cxd4
{[%clk 0:53:07]} 14. Bd2 {[%clk 0:33:44]} e5 {[%clk 0:50:05]} 15. Nb2
{[%clk 0:21:59]} Be6 {[%clk 0:37:59]} 16. Bg4 {[%clk 0:17:40]} Qd7
{[%clk 0:35:53]} 17. Bxe6 {[%clk 0:17:33]} Qxe6 {[%clk 0:31:35]} 18. a4
{[%clk 0:16:46]} f5 {[%clk 0:30:45]} 19. exf5 {[%clk 0:14:26]} Qxf5
{[%clk 0:30:18]} 20. Qe2 {[%clk 0:08:50]} Nf4 {[%clk 0:11:15]} 21. Bxf4
{[%clk 0:08:56]} gxf4 {[%clk 0:09:36]} 22. f3 {[%clk 0:07:37]} Rf6
{[%clk 0:07:37]} 23. Nd1 {[%clk 0:07:15]} Rg6 {[%clk 0:07:30]} 24. Nf2
{[%clk 0:07:19]} Kh7 {[%clk 0:07:14]} 25. Qe4 {[%clk 0:07:29]} Qg5
{[%clk 0:06:50]} 26. Ng4 {[%clk 0:06:04]} Rg8 {[%clk 0:06:30]} 27. g3
{[%clk 0:02:14]} fxg3 {[%clk 0:04:15]} 28. hxg3 {[%clk 0:01:03]} h5
{[%clk 0:03:56]} 29. Kg2 {[%clk 0:00:40]} hxg4 {[%clk 0:03:52]} 30. f4
{[%clk 0:00:43]} exf4 {[%clk 0:02:00]} 31. Rxf4 {[%clk 0:00:53]} Qe5
{[%clk 0:01:02]} 32. Rh1+ {[%clk 0:00:48]} Bh6 {[%clk 0:01:30]} 33. Rf7+
{[%clk 0:00:50]} R8g7 {[%clk 0:01:54]} 34. Rxg7+ {[%clk 0:00:33]} Qxg7
{[%clk 0:01:55]} 35. Rh5 {[%clk 0:00:40]} Kg8 {[%clk 0:00:33]} 36. Qe8+
{[%clk 0:00:37]} Kh7 {[%clk 0:01:02]} 37. Rf5 {[%clk 0:00:38]} Rf6
{[%clk 0:00:45]} 38. Rxf6 {[%clk 0:00:54]} Qxf6 {[%clk 0:01:14]} 39. Qe4+
{[%clk 0:01:14]} Qg6 {[%clk 0:01:02]} 40. Qxd4 {[%clk 0:31:36]} Bg7
{[%clk 0:31:04]} 41. Qd5 {[%clk 0:29:39]} Be5 {[%clk 0:13:17]} 42. c5
{[%clk 0:24:25]} bxc5 {[%clk 0:12:57]} 43. bxc5 {[%clk 0:22:28]} Qh5
{[%clk 0:10:36]} 44. d4 {[%clk 0:11:17]} Qh3+ {[%clk 0:09:19]} 45. Kf2
{[%clk 0:11:39]} Qxg3+ {[%clk 0:06:21]} 46. Ke2 {[%clk 0:12:05]} Qf3+
{[%clk 0:01:32]} 47. Qxf3 {[%clk 0:12:30]} gxf3+ {[%clk 0:02:01]} 48. Kxf3
{[%clk 0:12:34]} Bxd4 {[%clk 0:02:29]} 49. c6 {[%clk 0:06:08]} Bb6
{[%clk 0:02:57]} 50. Ke4 {[%clk 0:06:32]} Kg7 {[%clk 0:03:16]} 51. Kd5
{[%clk 0:06:48]} Bc7 {[%clk 0:03:45]} 52. Ke6 {[%clk 0:07:07]} d5
{[%clk 0:04:09]} 53. Kxd5 {[%clk 0:06:31]} Kf7 {[%clk 0:04:34]} 54. Kc5
{[%clk 0:06:42]} a5 {[%clk 0:04:51]} 55. Kb5 {[%clk 0:06:10]} Ke7
{[%clk 0:05:16]} 56. Ka6 {[%clk 0:06:12]} Kd6 {[%clk 0:05:33]} 57. Kb7
{[%clk 0:06:22]} Bd8 {[%clk 0:05:58]} 58. Kc8 {[%clk 0:02:17]} Bb6
{[%clk 0:06:18]} 59. Kb7 {[%clk 0:02:27]} Kc5 {[%clk 0:05:53]} 60. Ka6
{[%clk 0:01:41]} Bc7 {[%clk 0:05:24]} 61. Kb7 {[%clk 0:02:05]} Bg3
{[%clk 0:05:40]} 62. Ka6 {[%clk 0:01:30]} Kb4 {[%clk 0:06:04]} 0-1

[Event "EYTCC-G"]
[Site "?"]
[Date "2017.08.21"]
[Round "5.9"]
[White "Sliwicka, Alicja"]
[Black "Arda, Cagil Irmak"]
[Result "1-0"]
[BlackElo "2124"]
[WhiteElo "2204"]
[LiveChessVersion "1.4.6"]

1. e4 {[%clk 1:30:58]} c5 {[%clk 1:30:25]} 2. Nf3 {[%clk 1:31:21]} Nc6
{[%clk 1:30:51]} 3. d4 {[%clk 1:31:45]} cxd4 {[%clk 1:31:17]} 4. Nxd4
{[%clk 1:32:10]} Nf6 {[%clk 1:31:41]} 5. Nc3 {[%clk 1:32:33]} d6 {[%clk 1:32:07]}
6. Bg5 {[%clk 1:32:57]} Qb6 {[%clk 1:32:28]} 7. Bxf6 {[%clk 1:32:17]} gxf6
{[%clk 1:32:34]} 8. Nb3 {[%clk 1:32:20]} e6 {[%clk 1:33:00]} 9. Qh5
{[%clk 1:28:51]} Bd7 {[%clk 1:29:37]} 10. Be2 {[%clk 1:21:48]} Be7
{[%clk 1:20:56]} 11. Rf1 {[%clk 1:15:32]} O-O-O {[%clk 1:12:54]} 12. O-O-O
{[%clk 1:11:43]} Kb8 {[%clk 0:54:17]} 13. f4 {[%clk 1:11:24]} Rc8
{[%clk 0:50:08]} 14. Kb1 {[%clk 1:10:25]} a6 {[%clk 0:48:21]} 15. Qh3
{[%clk 1:04:18]} Na5 {[%clk 0:39:05]} 16. Nd5 {[%clk 1:00:26]} exd5
{[%clk 0:33:53]} 17. Qxd7 {[%clk 1:00:40]} Rc7 {[%clk 0:33:35]} 18. Qa4
{[%clk 0:49:30]} Nxb3 {[%clk 0:28:52]} 19. axb3 {[%clk 0:49:12]} dxe4
{[%clk 0:27:51]} 20. Qxe4 {[%clk 0:49:12]} Qc6 {[%clk 0:26:58]} 21. Qxc6
{[%clk 0:48:27]} Rxc6 {[%clk 0:27:13]} 22. Bc4 {[%clk 0:47:19]} Rf8
{[%clk 0:20:19]} 23. Rf3 {[%clk 0:47:15]} Rc7 {[%clk 0:20:20]} 24. Rh3
{[%clk 0:46:45]} Rg8 {[%clk 0:20:44]} 25. Bd5 {[%clk 0:45:02]} Rg7
{[%clk 0:20:16]} 26. Re1 {[%clk 0:41:17]} Kc8 {[%clk 0:10:24]} 27. Be4
{[%clk 0:40:38]} Kd8 {[%clk 0:09:28]} 28. Re2 {[%clk 0:39:58]} b6
{[%clk 0:08:38]} 29. Bxh7 {[%clk 0:39:30]} Rc5 {[%clk 0:08:50]} 30. Bd3
{[%clk 0:39:58]} a5 {[%clk 0:07:47]} 31. Rh8+ {[%clk 0:39:34]} Kd7
{[%clk 0:08:12]} 32. h3 {[%clk 0:38:07]} d5 {[%clk 0:06:42]} 33. Bf5+
{[%clk 0:37:20]} Kd6 {[%clk 0:07:06]} 34. Re8 {[%clk 0:37:23]} Rc7
{[%clk 0:07:10]} 35. g4 {[%clk 0:37:47]} Rb7 {[%clk 0:05:33]} 36. h4
{[%clk 0:38:06]} b5 {[%clk 0:05:47]} 37. h5 {[%clk 0:38:30]} 1-0

[Event "EYTCC-G"]
[Site "?"]
[Date "2017.08.21"]
[Round "5.10"]
[White "Caglar, Sila"]
[Black "Antolak, Julia"]
[Result "0-1"]
[BlackElo "2204"]
[WhiteElo "2136"]
[LiveChessVersion "1.4.6"]

1. e4 {[%clk 1:30:58]} e5 {[%clk 1:30:54]} 2. Nf3 {[%clk 1:31:03]} Nc6
{[%clk 1:31:12]} 3. Bc4 {[%clk 1:26:35]} Nf6 {[%clk 1:30:02]} 4. d3
{[%clk 1:22:38]} Be7 {[%clk 1:29:39]} 5. O-O {[%clk 1:22:08]} d6 {[%clk 1:29:38]}
6. c3 {[%clk 1:22:12]} O-O {[%clk 1:28:24]} 7. h3 {[%clk 1:16:25]} Na5
{[%clk 1:27:29]} 8. Bb5 {[%clk 1:16:26]} c5 {[%clk 1:24:23]} 9. Nbd2
{[%clk 1:12:32]} a6 {[%clk 1:17:11]} 10. Ba4 {[%clk 1:12:55]} b5 {[%clk 1:17:08]}
11. Bc2 {[%clk 1:13:16]} Nc6 {[%clk 1:15:59]} 12. Re1 {[%clk 1:12:50]} Re8
{[%clk 1:15:24]} 13. Nf1 {[%clk 1:11:51]} Bf8 {[%clk 1:14:00]} 14. Ng3
{[%clk 1:02:28]} g6 {[%clk 1:10:36]} 15. Nh2 {[%clk 0:56:59]} Bg7
{[%clk 1:03:16]} 16. Qf3 {[%clk 0:51:51]} Be6 {[%clk 0:56:56]} 17. Bg5
{[%clk 0:43:44]} h6 {[%clk 0:55:18]} 18. Be3 {[%clk 0:43:50]} Qe7
{[%clk 0:54:13]} 19. a3 {[%clk 0:28:32]} d5 {[%clk 0:47:55]} 20. Ngf1
{[%clk 0:20:43]} d4 {[%clk 0:46:00]} 21. Bd2 {[%clk 0:20:35]} c4 {[%clk 0:45:04]}
22. g4 {[%clk 0:16:44]} Nd7 {[%clk 0:41:46]} 23. dxc4 {[%clk 0:14:36]} bxc4
{[%clk 0:40:57]} 24. Ba4 {[%clk 0:14:29]} Rac8 {[%clk 0:40:20]} 25. cxd4
{[%clk 0:12:02]} exd4 {[%clk 0:37:58]} 26. Bxc6 {[%clk 0:11:56]} Rxc6
{[%clk 0:32:48]} 27. Bb4 {[%clk 0:11:14]} Qd8 {[%clk 0:31:12]} 28. e5
{[%clk 0:10:49]} Rc8 {[%clk 0:30:23]} 29. Bd6 {[%clk 0:10:38]} Qa5
{[%clk 0:29:07]} 30. Qe4 {[%clk 0:08:18]} Nc5 {[%clk 0:28:03]} 31. Qf3
{[%clk 0:05:19]} Nd3 {[%clk 0:27:08]} 32. Bb4 {[%clk 0:03:42]} Nxe1
{[%clk 0:26:10]} 33. Rxe1 {[%clk 0:03:48]} Qb5 {[%clk 0:26:29]} 34. Qe2
{[%clk 0:03:16]} Bd7 {[%clk 0:22:42]} 35. Nf3 {[%clk 0:01:54]} Qd5
{[%clk 0:22:21]} 36. N1d2 {[%clk 0:01:20]} Bc6 {[%clk 0:21:52]} 37. Bd6
{[%clk 0:01:30]} c3 {[%clk 0:21:48]} 38. bxc3 {[%clk 0:01:49]} dxc3
{[%clk 0:22:12]} 39. Ne4 {[%clk 0:01:57]} Qxe4 {[%clk 0:22:25]} 40. Qxe4
{[%clk 0:32:26]} Bxe4 {[%clk 0:52:49]} 0-1

[Event "EYTCC-G"]
[Site "?"]
[Date "2017.08.21"]
[Round "5.11"]
[White "Kozubal, Aleksandra"]
[Black "Schneider, Jana"]
[Result "0-1"]
[BlackElo "2275"]
[WhiteElo "1733"]
[LiveChessVersion "1.4.6"]

1. d4 {[%clk 1:30:58]} Nf6 {[%clk 1:30:51]} 2. c4 {[%clk 1:31:13]} e6
{[%clk 1:31:13]} 3. Nc3 {[%clk 1:31:24]} Bb4 {[%clk 1:31:30]} 4. Nf3
{[%clk 1:31:03]} d5 {[%clk 1:30:09]} 5. e3 {[%clk 1:20:57]} c5 {[%clk 1:24:23]}
6. a3 {[%clk 1:17:37]} Bxc3+ {[%clk 1:23:54]} 7. bxc3 {[%clk 1:18:01]} Qa5
{[%clk 1:18:34]} 8. Bd2 {[%clk 1:12:00]} Ne4 {[%clk 1:15:36]} 9. Bd3
{[%clk 1:03:42]} Nd7 {[%clk 1:13:09]} 10. Qb3 {[%clk 0:58:26]} Ndf6
{[%clk 0:55:41]} 11. cxd5 {[%clk 0:47:17]} exd5 {[%clk 0:54:10]} 12. Qb5+
{[%clk 0:46:43]} Qxb5 {[%clk 0:54:27]} 13. Bxb5+ {[%clk 0:47:08]} Bd7
{[%clk 0:53:25]} 14. Rb1 {[%clk 0:46:26]} Bxb5 {[%clk 0:46:31]} 15. Rxb5
{[%clk 0:46:50]} b6 {[%clk 0:46:40]} 16. O-O {[%clk 0:44:29]} O-O
{[%clk 0:44:19]} 17. Ra1 {[%clk 0:38:11]} Nd6 {[%clk 0:42:58]} 18. Rb3
{[%clk 0:37:47]} Nfe4 {[%clk 0:41:59]} 19. a4 {[%clk 0:33:56]} Nc4
{[%clk 0:41:28]} 20. Be1 {[%clk 0:34:15]} f6 {[%clk 0:38:24]} 21. Nh4
{[%clk 0:32:39]} Rac8 {[%clk 0:27:28]} 22. f3 {[%clk 0:28:40]} Ned6
{[%clk 0:27:18]} 23. g4 {[%clk 0:22:55]} Nxe3 {[%clk 0:26:55]} 24. Bf2
{[%clk 0:22:54]} Nec4 {[%clk 0:23:42]} 25. dxc5 {[%clk 0:21:21]} bxc5
{[%clk 0:24:02]} 26. Rd1 {[%clk 0:21:37]} Nb6 {[%clk 0:19:38]} 27. a5
{[%clk 0:21:38]} Nbc4 {[%clk 0:19:12]} 28. Rxd5 {[%clk 0:21:25]} Nxa5
{[%clk 0:18:48]} 29. Ra3 {[%clk 0:20:29]} Ndc4 {[%clk 0:18:17]} 30. Bxc5
{[%clk 0:16:39]} Rfe8 {[%clk 0:13:30]} 31. Ra2 {[%clk 0:16:16]} Nb6
{[%clk 0:11:43]} 32. Bxb6 {[%clk 0:14:42]} axb6 {[%clk 0:12:06]} 33. Rb5
{[%clk 0:13:12]} Re6 {[%clk 0:10:42]} 34. Rab2 {[%clk 0:11:12]} Nc4
{[%clk 0:09:24]} 35. R2b4 {[%clk 0:07:32]} g6 {[%clk 0:06:48]} 36. Kf2
{[%clk 0:05:21]} Rd6 {[%clk 0:06:42]} 37. Ng2 {[%clk 0:04:26]} Rd2+
{[%clk 0:04:03]} 38. Kg3 {[%clk 0:04:36]} g5 {[%clk 0:03:03]} 39. h4
{[%clk 0:03:01]} h6 {[%clk 0:03:07]} 40. Rb3 {[%clk 0:30:42]} Re8
{[%clk 0:32:47]} 41. hxg5 {[%clk 0:29:23]} hxg5 {[%clk 0:32:49]} 42. R3b4
{[%clk 0:23:22]} Ree2 {[%clk 0:31:32]} 43. Nf4 {[%clk 0:22:52]} gxf4+
{[%clk 0:31:01]} 44. Kxf4 {[%clk 0:23:17]} Ne3 {[%clk 0:26:21]} 45. Re4
{[%clk 0:18:26]} Rd3 {[%clk 0:24:40]} 46. g5 {[%clk 0:14:51]} f5 {[%clk 0:22:23]}
47. Rxf5 {[%clk 0:14:39]} Ng2+ {[%clk 0:21:13]} 48. Ke5 {[%clk 0:14:37]} Rxe4+
{[%clk 0:19:15]} 49. Kxe4 {[%clk 0:12:51]} Rxc3 {[%clk 0:19:30]} 50. Rb5
{[%clk 0:08:18]} Rc6 {[%clk 0:16:12]} 51. Kd5 {[%clk 0:05:35]} Rg6
{[%clk 0:16:25]} 52. Ke4 {[%clk 0:05:57]} Re6+ {[%clk 0:13:41]} 53. Kf5
{[%clk 0:05:44]} Kf7 {[%clk 0:13:30]} 54. Kg4 {[%clk 0:04:04]} Ne3+
{[%clk 0:12:14]} 55. Kg3 {[%clk 0:03:32]} Rc6 {[%clk 0:11:14]} 56. Kf4
{[%clk 0:03:29]} Nc4 {[%clk 0:10:47]} 57. Ke4 {[%clk 0:02:06]} Ke6
{[%clk 0:10:00]} 58. Kd4 {[%clk 0:02:09]} Nd2 {[%clk 0:05:52]} 59. Ke3
{[%clk 0:02:11]} Rd6 {[%clk 0:06:07]} 60. f4 {[%clk 0:01:55]} Nc4+
{[%clk 0:06:03]} 61. Ke4 {[%clk 0:02:09]} Rd1 {[%clk 0:06:06]} 62. Rb4
{[%clk 0:01:47]} Nd6+ {[%clk 0:06:27]} 63. Kf3 {[%clk 0:02:05]} b5
{[%clk 0:06:35]} 64. Kg4 {[%clk 0:02:08]} Rd5 {[%clk 0:06:29]} 65. Rb1
{[%clk 0:01:47]} Kf7 {[%clk 0:04:55]} 66. Rh1 {[%clk 0:01:29]} b4
{[%clk 0:05:00]} 67. Rb1 {[%clk 0:01:33]} Rb5 {[%clk 0:04:35]} 68. Rb3
{[%clk 0:01:50]} Nf5 {[%clk 0:04:47]} 69. Kh5 {[%clk 0:01:05]} Nd4
{[%clk 0:04:18]} 70. Rb2 {[%clk 0:01:09]} b3 {[%clk 0:04:38]} 71. Kh6
{[%clk 0:01:19]} Kg8 {[%clk 0:03:38]} 72. g6 {[%clk 0:01:33]} Nf5+
{[%clk 0:02:57]} 73. Kg5 {[%clk 0:01:57]} Ne3+ {[%clk 0:03:05]} 74. Kf6
{[%clk 0:01:55]} Nc4 {[%clk 0:03:11]} 75. Re2 {[%clk 0:01:58]} Rb6+
{[%clk 0:02:50]} 76. Kg5 {[%clk 0:02:09]} b2 {[%clk 0:02:29]} 77. Re8+
{[%clk 0:02:18]} Kg7 {[%clk 0:02:54]} 0-1

[Event "EYTCC-G"]
[Site "?"]
[Date "2017.08.21"]
[Round "5.12"]
[White "Rogozenco, Teodora"]
[Black "Krzysztynska, Anna"]
[Result "1/2-1/2"]
[BlackElo "1717"]
[WhiteElo "2162"]
[LiveChessVersion "1.4.6"]

1. d4 {[%clk 1:30:59]} Nf6 {[%clk 1:30:45]} 2. c4 {[%clk 1:31:23]} g6
{[%clk 1:31:02]} 3. g3 {[%clk 1:31:48]} Bg7 {[%clk 1:31:17]} 4. Bg2
{[%clk 1:32:12]} O-O {[%clk 1:31:16]} 5. Nf3 {[%clk 1:32:38]} d6 {[%clk 1:31:20]}
6. O-O {[%clk 1:33:01]} Na6 {[%clk 1:31:03]} 7. Nc3 {[%clk 1:28:42]} c5
{[%clk 1:31:04]} 8. h3 {[%clk 1:27:52]} Rb8 {[%clk 1:21:56]} 9. e4
{[%clk 1:27:05]} cxd4 {[%clk 1:13:54]} 10. Nxd4 {[%clk 1:27:26]} Nc5
{[%clk 1:08:07]} 11. Be3 {[%clk 1:26:25]} a6 {[%clk 1:03:27]} 12. Qe2
{[%clk 1:24:50]} e5 {[%clk 0:53:06]} 13. Nc2 {[%clk 1:24:39]} Be6
{[%clk 0:53:00]} 14. Rfd1 {[%clk 1:19:27]} Qc7 {[%clk 0:51:30]} 15. Nb4
{[%clk 1:18:39]} Rbd8 {[%clk 0:35:44]} 16. Bg5 {[%clk 1:14:31]} Ncd7
{[%clk 0:34:10]} 17. Nbd5 {[%clk 1:13:17]} Qb8 {[%clk 0:33:26]} 18. Qf3
{[%clk 1:10:33]} Bxd5 {[%clk 0:29:26]} 19. Nxd5 {[%clk 1:09:13]} Nxd5
{[%clk 0:28:44]} 20. Bxd8 {[%clk 1:08:39]} Qxd8 {[%clk 0:28:50]} 21. Rxd5
{[%clk 0:46:52]} Nb6 {[%clk 0:28:51]} 22. Rd2 {[%clk 0:46:15]} Nxc4
{[%clk 0:27:00]} 23. Rc2 {[%clk 0:46:02]} Na5 {[%clk 0:26:27]} 24. Qe3
{[%clk 0:41:01]} Nc6 {[%clk 0:25:10]} 25. Rac1 {[%clk 0:41:26]} h5
{[%clk 0:22:11]} 26. Rc3 {[%clk 0:32:25]} Kh7 {[%clk 0:21:43]} 27. Qd3
{[%clk 0:31:08]} Bh6 {[%clk 0:21:01]} 28. Rd1 {[%clk 0:31:33]} Nd4
{[%clk 0:21:25]} 29. h4 {[%clk 0:30:42]} g5 {[%clk 0:20:15]} 30. hxg5
{[%clk 0:29:38]} Qxg5 {[%clk 0:19:02]} 31. Rc7 {[%clk 0:29:03]} b5
{[%clk 0:17:36]} 32. Bf3 {[%clk 0:19:27]} h4 {[%clk 0:14:40]} 33. Kg2
{[%clk 0:19:49]} Qf6 {[%clk 0:13:43]} 34. Rh1 {[%clk 0:19:22]} Rg8
{[%clk 0:13:20]} 35. Bd1 {[%clk 0:17:40]} Ne6 {[%clk 0:08:57]} 36. Qc3
{[%clk 0:17:42]} Nxc7 {[%clk 0:07:59]} 37. Qxc7 {[%clk 0:18:04]} hxg3
{[%clk 0:07:06]} 38. fxg3 {[%clk 0:18:25]} Qg6 {[%clk 0:07:21]} 39. Rh3
{[%clk 0:17:30]} Kg7 {[%clk 0:01:04]} 40. Kh2 {[%clk 0:42:25]} Be3
{[%clk 0:30:37]} 41. Rh4 {[%clk 0:37:27]} Bg5 {[%clk 0:17:32]} 42. Bh5
{[%clk 0:30:26]} Qf6 {[%clk 0:16:56]} 43. Bxf7 {[%clk 0:30:51]} Bxh4
{[%clk 0:14:40]} 44. Bxg8+ {[%clk 0:31:15]} Kxg8 {[%clk 0:14:45]} 45. gxh4
{[%clk 0:31:41]} Qf2+ {[%clk 0:14:18]} 46. Kh3 {[%clk 0:31:18]} Qf3+
{[%clk 0:13:27]} 1/2-1/2

[Event "EYTCC-G"]
[Site "?"]
[Date "2017.08.21"]
[Round "5.13"]
[White "Erseki, Tamara"]
[Black "Adamczyk, Zuzanna"]
[Result "1-0"]
[BlackElo "1753"]
[WhiteElo "2119"]
[LiveChessVersion "1.4.6"]

1. e4 c5 2. Nf3 e6 3. g3 Nc6 4. Bg2 Nge7 5. O-O d5 6. exd5 Nxd5 7. d4 Be7 8. dxc5
O-O 9. Qe2 Bxc5 10. Rd1 Qe7 11. c4 Nf6 12. Nc3 Re8 13. a3 a5 14. Be3 e5 15. Nd5
Nxd5 16. cxd5 Bxe3 17. Qxe3 Nb8 18. d6 Qe6 19. Ng5 Qf6 20. Bd5 Rf8 21. Rac1 Na6
22. Be4 Rd8 23. Nxh7 Qe6 24. Qg5 Bd7 25. Qe3 Ba4 26. Ng5 Qf6 27. b3 Bxb3 28. Qxb3
Qxg5 29. Bxb7 Rab8 30. Qd5 Qf6 31. Bxa6 Rb2 32. Qc5 e4 33. Bf1 a4 34. d7 Qe6 35.
Qc7 Qf6 36. Qc5 Rb3 37. Qd4 Qf5 38. Rc8 Rxc8 39. d8=Q+ Rxd8 40. Qxd8+ Kh7 41.
Qh4+ Kg6 42. Bg2 Rf3 43. Bxf3 Qxf3 44. Rd6+ f6 45. Rd4 f5 46. Rd6+ Kf7 47. Qf4
1-0

[Event "EYTCC-G"]
[Site "?"]
[Date "2017.08.21"]
[Round "5.14"]
[White "Buchta, Agnieszka"]
[Black "Kassay, Lilla"]
[Result "1-0"]
[BlackElo "2011"]
[WhiteElo "1720"]
[LiveChessVersion "1.4.6"]

1. e4 {[%clk 1:30:58]} c5 {[%clk 1:30:55]} 2. Nf3 {[%clk 1:31:20]} d6
{[%clk 1:31:14]} 3. d4 {[%clk 1:31:40]} cxd4 {[%clk 1:31:34]} 4. Qxd4
{[%clk 1:32:01]} Nc6 {[%clk 1:31:58]} 5. Bb5 {[%clk 1:32:23]} Bd7
{[%clk 1:32:21]} 6. Bxc6 {[%clk 1:32:48]} Bxc6 {[%clk 1:32:47]} 7. Nc3
{[%clk 1:33:11]} Nf6 {[%clk 1:33:04]} 8. Bg5 {[%clk 1:33:33]} e6 {[%clk 1:33:17]}
9. O-O-O {[%clk 1:33:45]} Be7 {[%clk 1:33:40]} 10. Rhe1 {[%clk 1:33:49]} O-O
{[%clk 1:33:41]} 11. Kb1 {[%clk 1:33:51]} Qa5 {[%clk 1:33:37]} 12. Qd2
{[%clk 1:33:58]} Kh8 {[%clk 1:33:05]} 13. Nd4 {[%clk 1:31:26]} Rac8
{[%clk 1:28:21]} 14. f3 {[%clk 1:28:56]} Rfd8 {[%clk 1:21:42]} 15. g4
{[%clk 1:24:48]} a6 {[%clk 1:19:34]} 16. h4 {[%clk 1:20:11]} b5 {[%clk 1:17:25]}
17. Rg1 {[%clk 1:07:48]} b4 {[%clk 1:10:19]} 18. Nce2 {[%clk 1:04:25]} Qb6
{[%clk 0:41:24]} 19. Ng3 {[%clk 0:56:55]} Ba4 {[%clk 0:35:39]} 20. b3
{[%clk 0:43:14]} Bd7 {[%clk 0:26:38]} 21. Nh5 {[%clk 0:38:08]} Ng8
{[%clk 0:19:35]} 22. Bxe7 {[%clk 0:22:57]} Nxe7 {[%clk 0:19:59]} 23. f4
{[%clk 0:20:08]} Rc3 {[%clk 0:12:40]} 24. f5 {[%clk 0:19:23]} Nc6
{[%clk 0:11:33]} 25. Nxc6 {[%clk 0:16:02]} Bxc6 {[%clk 0:09:30]} 26. fxe6
{[%clk 0:14:38]} fxe6 {[%clk 0:06:57]} 27. Qg5 {[%clk 0:13:17]} Rg8
{[%clk 0:06:15]} 28. Rge1 {[%clk 0:11:45]} Qf2 {[%clk 0:05:56]} 29. Qd2
{[%clk 0:06:16]} Qxh4 {[%clk 0:05:45]} 30. Qxd6 {[%clk 0:05:28]} Qxg4
{[%clk 0:05:05]} 31. Nf4 {[%clk 0:05:04]} Qf3 {[%clk 0:03:12]} 32. Ng6+
{[%clk 0:03:58]} hxg6 {[%clk 0:03:29]} 33. Rh1+ {[%clk 0:04:23]} Qh5
{[%clk 0:03:27]} 34. Rxh5+ {[%clk 0:04:38]} gxh5 {[%clk 0:03:51]} 35. Qxe6
{[%clk 0:03:33]} Re8 {[%clk 0:03:15]} 36. Qg6 {[%clk 0:03:24]} Rc5
{[%clk 0:02:30]} 37. Qd6 {[%clk 0:02:12]} Ree5 {[%clk 0:01:40]} 38. Qf8+
{[%clk 0:01:56]} Kh7 {[%clk 0:02:05]} 39. Rg1 {[%clk 0:01:44]} g5
{[%clk 0:01:07]} 40. Qf7+ {[%clk 0:31:44]} Kh8 {[%clk 0:30:52]} 41. Rd1
{[%clk 0:27:24]} Re8 {[%clk 0:29:25]} 42. Rd6 {[%clk 0:25:22]} 1-0

[Event "EYTCC-G"]
[Site "?"]
[Date "2017.08.21"]
[Round "5.15"]
[White "Egyed, Judit"]
[Black "Sucikova, Svetlana"]
[Result "1-0"]
[BlackElo "2015"]
[WhiteElo "2162"]
[LiveChessVersion "1.4.6"]

1. e4 {[%clk 1:30:56]} c6 {[%clk 1:29:37]} 2. d4 {[%clk 1:31:20]} d5
{[%clk 1:29:55]} 3. Nd2 {[%clk 1:31:43]} dxe4 {[%clk 1:29:02]} 4. Nxe4
{[%clk 1:32:05]} Bf5 {[%clk 1:28:54]} 5. Ng3 {[%clk 1:32:20]} Bg6
{[%clk 1:28:37]} 6. h4 {[%clk 1:32:36]} h6 {[%clk 1:28:10]} 7. h5
{[%clk 1:32:51]} Bh7 {[%clk 1:27:07]} 8. Nf3 {[%clk 1:33:09]} Nd7
{[%clk 1:26:10]} 9. Bd3 {[%clk 1:33:25]} Bxd3 {[%clk 1:26:28]} 10. Qxd3
{[%clk 1:33:51]} e6 {[%clk 1:26:12]} 11. Bd2 {[%clk 1:34:10]} Ngf6
{[%clk 1:26:14]} 12. O-O-O {[%clk 1:34:24]} Be7 {[%clk 1:25:49]} 13. Kb1
{[%clk 1:34:31]} O-O {[%clk 1:25:50]} 14. Ne4 {[%clk 1:34:48]} Nxe4
{[%clk 1:24:30]} 15. Qxe4 {[%clk 1:35:11]} Nf6 {[%clk 1:24:53]} 16. Qe2
{[%clk 1:35:35]} Qd5 {[%clk 1:23:04]} 17. Be3 {[%clk 1:35:38]} Qb5
{[%clk 1:19:53]} 18. Qxb5 {[%clk 1:26:53]} cxb5 {[%clk 1:20:14]} 19. Ne5
{[%clk 1:26:55]} Bd6 {[%clk 1:10:44]} 20. f3 {[%clk 1:22:47]} Rfd8
{[%clk 1:07:35]} 21. Rdg1 {[%clk 1:13:32]} Nd5 {[%clk 1:05:29]} 22. Bc1
{[%clk 1:12:56]} Rac8 {[%clk 1:03:13]} 23. g4 {[%clk 1:11:19]} f6
{[%clk 0:56:11]} 24. Nd3 {[%clk 1:00:26]} Rc4 {[%clk 0:53:22]} 25. Re1
{[%clk 0:56:07]} Kf7 {[%clk 0:51:14]} 26. Re4 {[%clk 0:50:32]} Rdc8
{[%clk 0:45:27]} 27. Rhe1 {[%clk 0:28:16]} Rxc2 {[%clk 0:23:50]} 28. Rxe6
{[%clk 0:25:55]} Nb4 {[%clk 0:24:11]} 29. Nxb4 {[%clk 0:25:02]} Bxb4
{[%clk 0:24:34]} 30. R6e2 {[%clk 0:25:21]} R2c4 {[%clk 0:15:50]} 31. Rd1
{[%clk 0:24:32]} Rd8 {[%clk 0:16:09]} 32. Re4 {[%clk 0:22:31]} Rd5
{[%clk 0:15:10]} 33. Be3 {[%clk 0:15:22]} Bd6 {[%clk 0:14:38]} 34. Bf2
{[%clk 0:13:41]} a6 {[%clk 0:12:39]} 35. Rc1 {[%clk 0:11:20]} Rxc1+
{[%clk 0:08:19]} 36. Kxc1 {[%clk 0:11:46]} f5 {[%clk 0:08:41]} 37. Re1
{[%clk 0:10:03]} fxg4 {[%clk 0:08:43]} 38. fxg4 {[%clk 0:10:19]} Bf4+
{[%clk 0:07:38]} 39. Kc2 {[%clk 0:09:57]} Rg5 {[%clk 0:08:01]} 40. Rg1
{[%clk 0:39:57]} g6 {[%clk 0:36:35]} 41. Bh4 {[%clk 0:33:56]} Rd5
{[%clk 0:34:25]} 42. Kd3 {[%clk 0:34:16]} Bc7 {[%clk 0:31:43]} 43. Rf1+
{[%clk 0:31:52]} Kg7 {[%clk 0:28:31]} 44. hxg6 {[%clk 0:31:22]} Kxg6
{[%clk 0:28:40]} 45. Rf6+ {[%clk 0:31:17]} Kg7 {[%clk 0:28:40]} 46. Re6
{[%clk 0:26:17]} Rd7 {[%clk 0:22:24]} 47. Re7+ {[%clk 0:20:18]} Rxe7
{[%clk 0:21:55]} 48. Bxe7 {[%clk 0:20:45]} Kf7 {[%clk 0:21:57]} 49. Bb4
{[%clk 0:20:29]} Bf4 {[%clk 0:20:13]} 50. Bd2 {[%clk 0:17:17]} Bxd2
{[%clk 0:17:12]} 51. Kxd2 {[%clk 0:17:44]} Ke6 {[%clk 0:17:30]} 52. Kd3
{[%clk 0:17:32]} Kd5 {[%clk 0:17:53]} 53. b3 {[%clk 0:17:59]} a5 {[%clk 0:16:47]}
54. Ke3 {[%clk 0:18:21]} a4 {[%clk 0:13:09]} 55. Kd3 {[%clk 0:18:47]} axb3
{[%clk 0:12:20]} 56. axb3 {[%clk 0:19:12]} Ke6 {[%clk 0:12:40]} 57. Ke4
{[%clk 0:18:22]} Kd6 {[%clk 0:13:03]} 58. b4 {[%clk 0:17:26]} Ke6
{[%clk 0:12:26]} 59. d5+ {[%clk 0:17:38]} Kd6 {[%clk 0:12:51]} 60. Kd4
{[%clk 0:18:03]} 1-0